000 00726nam a2200253Ia 4500
008 191119s9999 xx 000 0 und d
020 _a978-1-63157-958-5
050 _aREF HD 38.5
050 _b.R67 2018
100 _aRosenberg, Stuart.
245 4 _aThe Global supply chain and risk management /
245 0 _cStuart Rosenberg.
260 _aNew York :
260 _bBusiness Expert Press
260 _c2018
300 _a88 pages :
300 _c23 cm.
440 _aSupply and Operations Management Collection
500 _aIncludes index.
650 _aBusiness logistics.
650 _aInternational economic relations.
650 _xPhysical distribution of goods.
650 _xRisk management.
999 _c363084
_d363084